Online
Catalog

El proyecto de constitución de Duarte / (Record no. 28444)

MARC details
000 -CABECERA
campo de control de longitud fija 00755nam a2200193 u 4500
001 - NÚMERO DE CONTROL
campo de control 000028952
005 - FECHA Y HORA DE LA ÚLTIMA TRANSACCIÓN
campo de control 20240316073901.0
008 - DATOS DE LONGITUD FIJA--INFORMACIÓN GENERAL
campo de control de longitud fija 100812s2003 dr r 000 0 spa d
040 ## - FUENTE DE LA CATALOGACIÓN
Centro catalogador/agencia de origen DO-SdBNP
Lengua de catalogación spa
Centro/agencia transcriptor BNPHU
082 ## - NÚMERO DE LA CLASIFICACIÓN DECIMAL DEWEY
Número de clasificación xxx
Número de documento/Ítem H557p
100 1# - ENTRADA PRINCIPAL--NOMBRE DE PERSONA
Nombre de persona Hernández Flores, Ismael
9 (RLIN) 23299
245 13 - MENCIÓN DE TÍTULO
Título El proyecto de constitución de Duarte /
Mención de responsabilidad, etc. Ismael Hernández Flores; editor Tomás Castro Burdiez.
250 ## - MENCIÓN DE EDICIÓN
Mención de edición 2a ed.
260 ## - PUBLICACIÓN, DISTRIBUCIÓN, ETC.
Lugar de publicación, distribución, etc. [Santo Domingo ] :
Nombre del editor, distribuidor, etc. Fundación para la Educación y el Arte (EDUCARTE),
Fecha de publicación, distribución, etc. 2003.
300 ## - DESCRIPCIÓN FÍSICA
Extensión 24 p. ;
Dimensiones 23 cm.
490 1# - MENCIÓN DE SERIE
Mención de serie Cuadernos Educativos y Culturales
Designación de volumen o secuencia no. 1
Mención de serie Independecia nacional
700 ## - PUNTO DE ACCESO ADICIONAL--NOMBRE DE PERSONA
Nombre de persona Castro, Tomás,
Fechas asociadas al nombre 1959-
Término indicativo de función/relación ed.
9 (RLIN) 24641
830 #0 - PUNTO DE ACCESO ADICIONAL DE SERIE-TÍTULO UNIFORME
Título uniforme Cuadernos Educativos y Culturales
Designación de volumen o secuencia no. 1
Nombre de parte o sección de la obra Independencia nacional
9 (RLIN) 55895
Holdings
Estado de retiro Estado de pérdida No para préstamo Código de colección Localización permanente Ubicación/localización actual Ubicación en estantería Fecha de adquisición Número de inventario Total de préstamos Signatura topográfica completa Código de barras Fecha visto por última vez Precio válido a partir de Tipo de ítem Koha
    Excluido de préstamo Patrimonio Dominicano Patrimonio Dominicano Patrimonio Dominicano En catalogación 12.04.2011 LF1   xxx H557p 28952-10 25.06.2020 25.06.2020 Libro y Folleto Colección Patrimonio Dominicano

Powered by Koha